Mario Kart Tracks with Missing Words - Statistics

General Stats
  • This quiz has been taken 101 times
  • The average score is 17 of 20
Answer Stats
Hint Track % Correct
All Rainbow {Road}
100%
Wii Coconut {Mall}
97%
All {Bowser's} Castle
96%
Wii {Mushroom} Gorge
90%
DS {Waluigi} Pinball
90%
GCN Baby {Park}
88%
3DS Music {Park}
88%
Wii {Koopa} Cape
87%
WiiU Animal {Crossing}
86%
Wii Grumble {Volcano}
86%
N64 {Toad's} Turnpike
84%
GBA Cheese {Land}
82%
WiiU {Big} Blue
81%
GCN {Daisy} Cruiser
79%
DS Delfino {Square}
79%
WiiU {Dolphin} Shoals
78%
WiiU {Sunshine} Airport
77%
N64 Royal {Raceway}
76%
3DS {Wario} Shipyard
71%
GBA Sky {Garden}
68%
No matching quizzes found
Score Distribution
Percent of People with Each Score
Percentile by Number Answered
Your Score History
You have not taken this quiz